| 000 | 01275cam a22002294a 4500 | ||
|---|---|---|---|
| 005 | 20250605163956.0 | ||
| 008 | 250528s ||||||||||||||||||||||||d | ||
| 035 | _a15489 | ||
| 020 | _a135311128 | ||
| 040 |
_aGR-AtMCL _bgre _dGR-AtMCL _eAACR2 |
||
| 245 | 1 | _aBusiness Communication / Strategies and Skills Fifth Edition | |
| 250 | _a5th | ||
| 260 |
_bPrentice Hall, _c1997 |
||
| 300 | _a636 | ||
| 505 | 0 | _aIntroduction, An Overview of Communication in Business, Cultural Diversity, Strategies for Written Communication, Persuasive Letters, Memoranda, Short Reports and Proposals, Strategies for Oral Communication, Nonverbal Communication, Public Presentations, Visual Support, Communication and Conflict, Career Strategies, Writing a Resume, Interwing for a Job. | |
| 520 | _aIntroduction, An Overview of Communication in Business, Cultural Diversity, Strategies for Written Communication, Persuasive Letters, Memoranda, Short Reports and Proposals, Strategies for Oral Communication, Nonverbal Communication, Public Presentations, Visual Support, Communication and Conflict, Career Strategies, Writing a Resume, Interwing for a Job. | ||
| 700 | 1 |
_aLahiff M. James _91423 |
|
| 700 | 1 |
_aPenrose M. John _91424 |
|
| 942 | _cBK | ||
| 999 |
_c1068 _d1068 |
||